Comentario al fallo de la SCBA "Marchetti, Jorge Gabriel c/Fiscalía de Estado de la Provincia de Buenos Aires s/accidente de trabajo-acción especial", sent. del 13/5/2020 (Registro nro. 29874)

Detalles MARC
000 -LEADER
fixed length control field 00451 a2200109 4500
001 - CONTROL NUMBER
control field ART_51012
005 - DATE AND TIME OF LATEST TRANSACTION
control field 20260410161945.0
008 - FIXED-LENGTH DATA ELEMENTS--GENERAL INFORMATION
fixed length control field 260409a
100 1# - MAIN ENTRY--PERSONAL NAME
Personal name Tula, Diego J.
245 10 - TITLE STATEMENT
Title Comentario al fallo de la SCBA "Marchetti, Jorge Gabriel c/Fiscalía de Estado de la Provincia de Buenos Aires s/accidente de trabajo-acción especial", sent. del 13/5/2020
773 0# - HOST ITEM ENTRY
Title Temas de derecho laboral
Related parts - N° 7 (jul. 2020)
Record control number REV27619

No hay ítems disponibles.